00687 a2200193 450000500170000001000140001702000250003103500130005603700090006908200060007810000350008424500540011926000790017327000410025230000220029394200250031599900190034095201340035920240528151408.0 aB-759221` a9789350692578c40.00 aB-759221 bGift aS aBalasubramanya, Aravind967008 aStories and Inspirations/bAravind Balasubramanya aPrasanthi NilayambSri Sathya Sai Sadhana Trust Publication Divisionc2017 aPrasanthi Nilayam bBangloree515134 a102 p.c21 cm(Pb) adplcCH2ddchSmBAL c203335d203335 001040708FICaAVbAVd2024-05-28eGift/28.5.24g40.00l0oS BALpB-759221r2024-05-28 00:00:00t1v40.00w2024-05-28yCHzGift